000 00337nam a22001457a 4500
008 210609b ||||| |||| 00| 0 eng d
020 _a9780781748421
041 _aeng
080 _22nd
_a610.73
082 _a610.73
100 _a1
101 _aINF
245 _aTheory and Reasoning in Nursing
_cBetty M. Johnson
942 _2udc
_cBK
999 _c58086
_d58086